000 00967cam a2200217 4500
001 J122650
008 030618n2002 000 0 eng u
035 _a(Sirsi) u122650
041 _aeng
050 _a346.410434
_c18
100 _aBodley-Scott, Tom
245 4 _aThe landlord's agent perspective
_h[videorecording]
260 _aLondon
_bRICS
_c2002
490 _aRICS Multimedia Presentations
490 _aRICS Telecommunications Forum Landlords and Tenants Opposites Can Attract Series
520 _aA twelve minute video presentation clarifing the steps a landlord can take to prevent any loss in value or in control on his site and how to retain good relationships with operators and tenants; which in turn results in better incomes returns.
690 _aPROPERTY-LANDLORD AND TENANT
710 _aRoyal Institution of Chartered Surveyors
_94900
710 _aRoyal Institution of Chartered Surveyors
_bTelecommunications Forum
_94469
942 _n0
999 _c102896
_d102896